O roubo da roda quadrada (Registo nº 3673)

Detalhes MARC
000 -Etiqueta do registo
Cabeçalho 00751nam0a22002771 4500
005 - Identificador da versão
Campo de controlo 20240813122039.0
010 ## - Número internacional normalizado dos livros (ISBN)
Número (ISBN) 9895570252
021 ## - Número do Depósito Legal
Código do país PT
Número 199790/03
100 ## - Dados gerais de processamento
Dados gerais de processamento 20080514d2003 d e0pory5003 ba
102 ## - Pais de publicação ou produção
País de publicação Portugal
101 0# - Língua de publicação
Língua do texto, banda sonora, etc. Português
215 ## - Descrição física 
Indicação específica da natureza do documento e extensão da espécie 54 p.
Outras indicações físicas il.
200 1# - Titulo e menção de responsabilidade
Título próprio O roubo da roda quadrada
Primeira menção de responsabilidade José Vaz
Outras menções de responsabilidade Pedro Pires
225 1# - Colecção 
Título próprio da colecção Eu-Génio
Indicação de volume 1
205 ## - Menção da edição
Menção da edição 2ª ed
210 ## - Publicação, Distribuição, etc. 
Lugar da edição, distribuição, etc. Vila Nova de Gaia
Nome do editor, distribuidor, etc. Gailivro
Data da publicação, distribuição, etc. 2003
300 ## - Notas gerais 
Texto da nota Livro autografado pelo autor
606 ## - Nome comum usado como assunto
Número de registo de entrada de autoridade 0000001
Palavra de ordem Literatura portuguesa
Subdivisão de assunto Conto|2CA
675 ## - Classificação Decimal Universal (CDU)
Notação 821.134.3-34
Edição
Língua da edição por
702 #1 - Nome de autor-pessoa física (responsabilidade secundária)
Número de registo de entrada de autoridade 0000024
Palavra de ordem Pires
Outra parte do nome não tomada para palavra de ordem Pedro
Código de função Ilustrador / Técnico de desenho computorizado
700 #1 - Nome de autor-pessoa física (responsabilidade principal)
Número de registo de entrada de autoridade 0000003
Palavra de ordem Vaz
Outra parte do nome não tomada para palavra de ordem José
Datas 1940-
942 ## - Elementos de entrada adicionados (Koha)
Tipo de item no Koha Livro
Exemplares
Situação do levantamento Origin of item (home branch) (coded) Biblioteca de empréstimo Código de barras Cota Circulation type (not for loan) Tipo de documento Nota do exemplar Damaged status
  Biblioteca Escolar das Vendas Biblioteca Escolar das Vendas BEV1808 8 POR VAZ   Livro Sem mensagem